Normal view
MARC view
- Diston, Dominic J
Entry Personal Name
001 - CONTROL NUMBER
- control field: 111228
003 - CONTROL NUMBER IDENTIFIER
- control field: NUST
005 - DATE AND TIME OF LATEST TRANSACTION
- control field: 20230322185918.0
008 - FIXED-LENGTH DATA ELEMENTS
- fixed length control field: 230322|| aca||aabn | a|a d
040 ## - CATALOGING SOURCE
- Original cataloging agency: NUST
- Transcribing agency: NUST
100 ## - HEADING--PERSONAL NAME
- Personal name: Diston, Dominic J
670 ## - SOURCE DATA FOUND
- Source citation: Work cat.: (NUST)0: Diston, Dominic J., Computational modelling and simulation of aircraft and the environment /, 2009-
